| 000 | 00997cam a2200265 a 4500 | ||
|---|---|---|---|
| 005 | 20170608110959.0 | ||
| 008 | 101231s2011 enkad fr 001 0 eng | ||
| 010 | _a2011922687 | ||
| 020 | _a9780199574131 | ||
| 040 |
_aCO-BoUCM _bspa _cJose A. Gerena _dDiana Londoño |
||
| 245 | 0 | 0 |
_aCausality in the sciences _ceditado por Phyllis McKay Illari, Frederica Russo, Jon Williamson |
| 260 |
_aOxford (Oxfordshire, Inglaterra) _bOxford University press _c2011 |
||
| 300 |
_axiii, 938 páginas _bilustraciones, cuadros, gráficas |
||
| 504 | _aIncluye referencias bibliográficas e índices | ||
| 650 | 7 |
_aCausalidad _910618 |
|
| 650 | 7 |
_aCiencias _910793 |
|
| 650 | 7 |
_aFilosofía de la ciencia _915753 |
|
| 690 |
_942755 _aCiencias naturales |
||
| 700 | 1 |
_aIllari, Phyllis McKay. _eeditor _958928 |
|
| 700 | 1 |
_aRusso, Federica, _eeditor _958929 |
|
| 700 | 1 |
_aWilliamson, Jon. _eeditor _958930 |
|
| 942 |
_a25 _cLIBRO _e1 _mC734c _2DEWEY _h501 |
||
| 041 | _aeng | ||
| 999 |
_c239960 _d239960 |
||